Southville International School and Colleges
Your cart is empty.
  • Cart
  • Lists
    Public lists Eva Luna New books Lux_list list_1
    Your lists Log in to create your own lists
  • Log in to your account
  • Your cookies
  • Search history
Southville International School and Colleges
  • Advanced search
  • Recent comments
  • Most popular
  • Libraries

Log in to your account

Log in with GOOGLE


If you do not have an external account, but do have a local account, you can still log in:

  1. Home
  2. MARC view: 10 minute: guide to word for windows 2 /
Normal view MARC view ISBD view

10 minute: guide to word for windows 2 / (Record no. 102939)

[ view plain ]
MARC details
000 -LEADER
fixed length control field 00541nam a2200181 a 4500
005 - DATE AND TIME OF LATEST TRANSACTION
control field 20140412111246.0
008 - FIXED-LENGTH DATA ELEMENTS--GENERAL INFORMATION
fixed length control field 010327s19uu xx 00 eng d
020 ## - INTERNATIONAL STANDARD BOOK NUMBER
International Standard Book Number 971-8613-68-4
050 ## - LIBRARY OF CONGRESS CALL NUMBER
Classification number M 005.13
Item number A311 1992
100 ## - MAIN ENTRY--PERSONAL NAME
Personal name Aitken, Peter G.
245 ## - TITLE STATEMENT
Title 10 minute: guide to word for windows 2 /
Statement of responsibility, etc Peter G. Aitken.
260 ## - PUBLICATION, DISTRIBUTION, ETC. (IMPRINT)
Place of publication, distribution, etc Manila, Philippines :
Name of publisher, distributor, etc Global Publishing,
Date of publication, distribution, etc 1992.
300 ## - PHYSICAL DESCRIPTION
Extent 144 p.
520 ## - SUMMARY, ETC.
Summary, etc Quick lessons for word for windows success!
650 ## - SUBJECT ADDED ENTRY--TOPICAL TERM
Topical term or geographic name as entry element Computer program
650 ## - SUBJECT ADDED ENTRY--TOPICAL TERM
Topical term or geographic name as entry element Computer
Holdings
Withdrawn status Lost status Damaged status Home library Current library Shelving location Date acquired Source of acquisition Total Checkouts Full call number Barcode Date last seen Price effective from Koha item type
      Elizalde Library Elizalde Library Main Section 03/27/2001     M 005.13 A311 1992 E3345 04/12/2014 04/12/2014 Books

10 minute: guide to word for windows 2 /

APA

Aitken P. G., . (1992). 10 minute: guide to word for windows 2. Manila, Philippines: Global Publishing.

Chicago

Aitken Peter G, . 1992. 10 minute: guide to word for windows 2. Manila, Philippines: Global Publishing.

Harvard

Aitken P. G., . (1992). 10 minute: guide to word for windows 2. Manila, Philippines: Global Publishing.

MLA

Aitken Peter G, . 10 minute: guide to word for windows 2. Manila, Philippines: Global Publishing. 1992.

  • Place hold
  • Print
  • Cite
  • Add to your cart (remove)
  • Save record
    BIBTEX Dublin Core MARCXML MARC (non-Unicode/MARC-8) MARC (Unicode/UTF-8) MARC (Unicode/UTF-8, Standard) MODS (XML) RIS
  • More searches
    Search for this title in:
    Other Libraries (WorldCat) Other Databases (Google Scholar) Online Stores (Bookfinder.com) Open Library (openlibrary.org)

Exporting to Dublin Core...

SOUTHVILLE LIBRARY

Southville International School and Colleges Library

1281 Tropical Ave. Cor. Luxembourg St., BF Homes International, Las Pinas City

Tel. No. 8256374 / 252358 Loc. 117/146

Powered by Koha